<?xml version="1.0" encoding="UTF-8"?><?xml-stylesheet type="text/xsl" href="static/style.xsl"?><OAI-PMH xmlns="http://www.openarchives.org/OAI/2.0/" xmlns:xsi="http://www.w3.org/2001/XMLSchema-instance" xsi:schemaLocation="http://www.openarchives.org/OAI/2.0/ http://www.openarchives.org/OAI/2.0/OAI-PMH.xsd"><responseDate>2026-04-29T23:04:19Z</responseDate><request verb="GetRecord" identifier="oai:repisalud.isciii.es:20.500.12105/22799" metadataPrefix="marc">https://repisalud.isciii.es/rest/oai/request</request><GetRecord><record><header><identifier>oai:repisalud.isciii.es:20.500.12105/22799</identifier><datestamp>2024-11-28T19:33:09Z</datestamp><setSpec>com_20.500.12105_15322</setSpec><setSpec>com_20.500.12105_2051</setSpec><setSpec>col_20.500.12105_16967</setSpec></header><metadata><record xmlns="http://www.loc.gov/MARC21/slim" xmlns:dcterms="http://purl.org/dc/terms/" xmlns:doc="http://www.lyncode.com/xoai" xmlns:xsi="http://www.w3.org/2001/XMLSchema-instance" xsi:schemaLocation="http://www.loc.gov/MARC21/slim http://www.loc.gov/standards/marcxml/schema/MARC21slim.xsd">
   <leader>00925njm 22002777a 4500</leader>
   <datafield ind2=" " ind1=" " tag="042">
      <subfield code="a">dc</subfield>
   </datafield>
   <datafield ind2=" " ind1=" " tag="720">
      <subfield code="a">Fanjul, Francisco</subfield>
      <subfield code="e">author</subfield>
   </datafield>
   <datafield ind2=" " ind1=" " tag="720">
      <subfield code="a">Campins Rosselló, Antoni</subfield>
      <subfield code="e">author</subfield>
   </datafield>
   <datafield ind2=" " ind1=" " tag="720">
      <subfield code="a">Asensio Rodriguez, Javier</subfield>
      <subfield code="e">author</subfield>
   </datafield>
   <datafield ind2=" " ind1=" " tag="720">
      <subfield code="a">Samperiz, Gloria</subfield>
      <subfield code="e">author</subfield>
   </datafield>
   <datafield ind2=" " ind1=" " tag="720">
      <subfield code="a">Yáñez, Aina M</subfield>
      <subfield code="e">author</subfield>
   </datafield>
   <datafield ind2=" " ind1=" " tag="720">
      <subfield code="a">Romaguera, Dora</subfield>
      <subfield code="e">author</subfield>
   </datafield>
   <datafield ind2=" " ind1=" " tag="720">
      <subfield code="a">Fiol Sala, Miquel</subfield>
      <subfield code="e">author</subfield>
   </datafield>
   <datafield ind2=" " ind1=" " tag="720">
      <subfield code="a">Riera, Melchor</subfield>
      <subfield code="e">author</subfield>
   </datafield>
   <datafield ind2=" " ind1=" " tag="260">
      <subfield code="c">2019-10-17</subfield>
   </datafield>
   <datafield ind2=" " ind1=" " tag="520">
      <subfield code="a">Background: Interatrial blocks are considered a new important risk factor for atrial fibrillation and cerebrovascular events. Their prevalence and clinical implications have been reported in general population and several subgroups of patients but no data from HIV-infected populations, with a non-negligible prevalence of atrial fibrillation, has been previously reported. Methods: We conducted a cross-sectional study in a previously enrolled cohort of randomly selected middle-aged HIV-infected patients who attended our hospital and were clinically stable. Patients underwent both a 12-lead rest electrocardiogram and clinical questionnaires while epidemiological, clinical and HIV-related variables were obtained from electronic medical records and interviews with the patients. Electrocardiograms were then analyzed and codified using a standardized form by two trained members of the research team who were blinded to clinical variables. Results: We obtained electrocardiograms from 204 patients with a mean age of 55.22 years, 39 patients (19.12%) presented an interatrial block, 9 (4.41%) advanced and 30 (14.71%) partial. Patients with interatrial block had a lower nadir lymphocyte CD4 count (124 vs 198 cells, p = 0.02) while advanced interatrial blocks were associated to older age (62.16 vs. 54.95 years, p = 0.046) and hypertension (77.8% vs. 32.3%, p = 0.009). We did not find differences regarding baseline CD4 lymphocyte count or CD4/CD8 lymphocyte ratio. Clinical variables and functional capacity among patients with or without interatrial block were similar. Conclusions: In a cohort of clinically stable HIV infected patients the prevalence of interatrial blocks, specially advanced, is high and associated to previously known factors (age, hypertension) and novel ones (nadir CD4 lymphocyte count).</subfield>
   </datafield>
   <datafield ind1="8" ind2=" " tag="024">
      <subfield code="a">Fanjul F, Campins AA, Asensio J, Sampériz Abad G, Yañez AM, Romaguera D, et al. Interatrial blocks prevalence and risk factors for human immunodeficiency virus-infected persons. PLoS One. 2019 Oct 17;14(10):e0223777.</subfield>
   </datafield>
   <datafield ind1="8" ind2=" " tag="024">
      <subfield code="a">10.1371/journal.pone.0223777</subfield>
   </datafield>
   <datafield ind1="8" ind2=" " tag="024">
      <subfield code="a">1932-6203</subfield>
   </datafield>
   <datafield ind1="8" ind2=" " tag="024">
      <subfield code="a">PloS One</subfield>
   </datafield>
   <datafield ind1="8" ind2=" " tag="024">
      <subfield code="a">http://hdl.handle.net/20.500.13003/14053</subfield>
   </datafield>
   <datafield ind1="8" ind2=" " tag="024">
      <subfield code="a">31622385</subfield>
   </datafield>
   <datafield ind1="8" ind2=" " tag="024">
      <subfield code="a">L2003423152</subfield>
   </datafield>
   <datafield ind1="8" ind2=" " tag="024">
      <subfield code="a">2-s2.0-85073589084</subfield>
   </datafield>
   <datafield ind1="8" ind2=" " tag="024">
      <subfield code="a">https://hdl.handle.net/20.500.12105/22799</subfield>
   </datafield>
   <datafield ind1="8" ind2=" " tag="024">
      <subfield code="a">532567300046</subfield>
   </datafield>
   <datafield ind2="0" ind1="0" tag="245">
      <subfield code="a">Interatrial blocks prevalence and risk factors for human immunodeficiency virus-infected persons</subfield>
   </datafield>
</record></metadata></record></GetRecord></OAI-PMH>